000 00634nam a2200217Ia 4500
005 20241129120041.0
008 241129s9999||||xx |||||||||||||| ||und||
020 _a9781009346078
037 _aTB
040 _aSDCL
_beng
_cSDCL
041 _aeng
_2eng
084 _aY38, R3
_qSDCL
100 _aRoluahpuia
_9726146
245 0 _aNationalism in the vernacular: State, tribes, and politics of peace in northeast India
260 _aNew Delhi
_bCambridge University Press
_c2023
300 _axviii,195p.
365 _aINR
_b1250
650 _aPolitical Science
942 _cTB
_hY38, R3
999 _c1233133
_d1233133